Vplyv parametrov zvárania elektrónovým lúčom na vlastnosti preplátovaných zvarových spojov kombinácie meď – austenitická nehrdzavejúca oceľ
Uložené v:
| Hlavný autor: | |
|---|---|
| Ďalší autori: | |
| Médium: | Rukopis Kniha |
| Jazyk: | Slovak |
| Vydavateľské údaje: |
2021
|
| Predmet: | |
| On-line prístup: | http://is.stuba.sk/zp/portal_zp.pl?podrobnosti=158043 |
| Tagy: |
Žiadne tagy, Buďte prvý, kto otaguje tento záznam!
|
MARC
| LEADER | 00000ntm a22000003a 4500 | ||
|---|---|---|---|
| 001 | stuzp82868 | ||
| 003 | SK-STU | ||
| 005 | 20210612211316.8 | ||
| 007 | ta | ||
| 008 | 150427s2015----xo-----f-mn---000-0-slo-d | ||
| 040 | |a STU |b slo | ||
| 041 | 0 | |a slo | |
| 100 | 1 | |a Pavlík, Marián |u 063000 |k Z4 |4 aut |U MTF Materiálovotechnologická fakulta |T MTF Ústav výrobných technológií |X 85464 |U M3000 |Y 83 |7 85464 | |
| 242 | 0 | 1 | |a Influence of electron beam welding parameters on the properties of copper - austenitic stainless steel overlapped weld joints |y eng |
| 245 | 1 | 0 | |a Vplyv parametrov zvárania elektrónovým lúčom na vlastnosti preplátovaných zvarových spojov kombinácie meď – austenitická nehrdzavejúca oceľ |
| 260 | |c 2021 | ||
| 650 | 4 | |a austenitická nehrdzavejúca oceľ |2 slo | |
| 650 | 4 | |a návrh experimentu |2 slo | |
| 650 | 4 | |a meď |2 slo | |
| 650 | 4 | |a preplátované zvarové spoje |2 slo | |
| 650 | 4 | |a elektrónový lúč |2 slo | |
| 650 | 4 | |a design of experiment |2 eng | |
| 650 | 4 | |a electron beam |2 eng | |
| 650 | 4 | |a overlapped weld joints |2 eng | |
| 650 | 4 | |a copper |2 eng | |
| 650 | 4 | |a austenitic stainless steel |2 eng | |
| 700 | 1 | |a Sahul, Miroslav |u 063700 |k Z1 |4 ths |U MTF Ústav výrobných technológií |T MTF Katedra zvárania a zlievarenstva |X 32776 |U M3700 |Y 842 |7 A000032776 | |
| 856 | 4 | |u http://is.stuba.sk/zp/portal_zp.pl?podrobnosti=158043 | |
| 996 | |c M* DP-14739 |l MMSKP |s P |a 0 |w stuzp82868_0001 | ||